00433 a2200133 4500001000700000040002200007041001600029082002300045100007300068245009700141260004100238300000700279362001300286141137 cLeonardo Da Vinci aPortuguês a372.357 K84dbK84d aKOFF, Adélia Maria Nehme Simão eaPEREIRA, Ely Schulz de Azevedo aDiscutindo a preservação da vidabeducação ambiental; 5ª a 8ª séries do 1º grau bNova Fronteirac1989aRio de Janeiro a79 a19890000